| 000 | 00552nam a2200205Ia 4500 | ||
|---|---|---|---|
| 003 | OSt | ||
| 005 | 20251212145858.0 | ||
| 008 | 210707s1983 xx 000 0 und d | ||
| 040 | _cAL | ||
| 041 | _aKannada | ||
| 082 | _aK894.1 RANR | ||
| 100 |
_aRANGANNA (S V) _dಎಸ್.ವಿ. ರಂಗಣ್ಣ _9248985 |
||
| 245 |
_aRanga binnapa. _bರಂಗಬಿನ್ನಪ |
||
| 260 |
_aBengaluru _bVishva Kannada Sammelana _c1983 |
||
| 300 | _axx,638 p | ||
| 365 |
_b5 _cINR |
||
| 563 | _aPB | ||
| 650 |
_aKannada Poetry _9248986 |
||
| 942 |
_2ddc _cBK |
||
| 999 |
_c180127 _d180127 |
||